000 00869nam a22002177a 4500
999 _c11788
_d11788
003 AR-CdUCM
008 190405b ||||| |||| 00| 0 spa d
040 _aMUNICIPALIDAD PROVINCIAL DEL CUSCO
_cBIBLIOTECA MUNICIPAL DEL CUSCO
082 _a348.3 /
_bC669 / 1950
110 _aMinisterio de fomento y obras públicas
_929335
245 _aCódigo de minería :
_bpromulgado el 12 de mayo de 1950 : decreto ley Nº 11357 /
260 _aLima :
_bMinisterio de fomento y obras públicas,
_c1950.
300 _a112 páginas ;
_c24 cm.
505 _aContenido: De la propiedad minera -- De la Jurisdicción de minería -- De los procedimientos -- De los contratos de minería ...
650 _aDerecho Minero
_94035
650 _aPerú
_935
650 _aLegislación
_92962
710 _aRepública del Perú
_925853
942 _2ddc
_cLIBROS
945 _acmm
_d2019-04-05